| 000 | 01139 a2200229 4500 | ||
|---|---|---|---|
| 001 | 55276 | ||
| 005 | 20260407155826.0 | ||
| 008 | 260407a1998 arg spa d | ||
| 003 | AR-UNSa-BCEJYS | ||
| 040 |
_aAR-UNSa-BCEJYS _bspa _cAR-UNSa-BCEJYS |
||
| 080 |
_a338.43 _xAgricultura como una rama de la economía. Economía de los productos alimenticios |
||
| 245 | 1 | 0 |
_aLas agriculturas del Mercosur _pel papel de los actores sociales |
| 020 | _a987-9028-07-4 | ||
| 264 | 1 |
_aBuenos Aires : _bLa Colmena _c1998 |
|
| 300 |
_a248 p. _c22 cm. |
||
| 505 | _a1. Tensões agrícolas e agrárias na transição democrática brasileira / Anita Brumer - José Vicente Tavares Dos Santos - 2. Cambios y permanencias en el agro uruguayo / Diego E. Piñeiro - 3. Novedades en la agricultura chilena / Sergio Gómez - 4. La agricultura paraguaya al promediar la década de 1990: situación, conflictos y perspectivas / Tomás Palau - 5. El agro argentino: algunos problemas para su análisis / Miguel Murmis | ||
| 041 | _aspa | ||
| 942 | _cBK | ||
| 590 | _aniveau_biblio:m niveau_hierar:0 | ||
| 100 | 1 | _aGiarracca, Norma | |
| 700 | 1 | _aCloquell, Silvia | |
| 999 |
_c5899 _d5899 |
||